00477nam a2200145Ia 4500008004100000082001500041082000800056245010000064245001800164260001800182300000900200942000800209999001900217952009500236231017s9999 xx 000 0 und d a388.110993 bGOR 0aEngineering Lifelines and Transport-Should New Zealand be Doing it Better? Part One: Phase 1 &2 0cM. Gordon Ans bM. Gordon Ans c30cm cREP c604304d604304 00104070aNITbNITd2023-10-17l0o388.110993 GORpNIT-6128r2023-10-17w2023-10-17yREP